Report of the Madras provincial housing committee (Record no. 508406)

000 -LEADER
fixed length control field 00455cam a22001457a 4500
008 - FIXED-LENGTH DATA ELEMENTS--GENERAL INFORMATION
fixed length control field 180718b1947 xxu||||| |||| 00| 0 eng d
082 ## - DEWEY DECIMAL CLASSIFICATION NUMBER
Classification number XAx5452 M267/c.2
100 ## - MAIN ENTRY--PERSONAL NAME
Personal name Madras Provincial Housing Committee
9 (RLIN) 3728
245 ## - TITLE STATEMENT
Title Report of the Madras provincial housing committee
260 ## - PUBLICATION, DISTRIBUTION, ETC. (IMPRINT)
Place of publication, distribution, etc Madras
Name of publisher, distributor, etc Government Press
Date of publication, distribution, etc 1948
300 ## - PHYSICAL DESCRIPTION
Extent 134+p.
500 ## - GENERAL NOTE
General note Chairman: L. Venkatakrishnan
700 ## - ADDED ENTRY--PERSONAL NAME
Personal name Ventaktakrishnan, L. (Chairman)
9 (RLIN) 3729
942 ## - ADDED ENTRY ELEMENTS (KOHA)
Source of classification or shelving scheme
Holdings
Withdrawn status Lost status Source of classification or shelving scheme Damaged status Koha normalized classification for sorting Not for loan Permanent location Current location Date acquired Full call number Barcode Date last seen Price effective from Koha item type
        XAX_5452_000000000000000_M267_C_2   Indian Institute of Public Administration Indian Institute of Public Administration 2019-03-22 XAx5452 M267/c.2 GG33647 2019-03-22 2019-03-22 GG

Powered by Koha